Modeling in mechanical and civil engineering: Collection of papers from prof. Nguyen - Dang Hung's former students

Zapisane w:
Opis bibliograficzny
1. autor: de Saxcé, Géry
Format: Książka
Język:Undetermined
Wydane: Thành phố Hồ Chí Minh Vietnam National University - Ho Chi Minh City Publishing House 2006
Hasła przedmiotowe:
Etykiety: Dodaj etykietę
Nie ma etykietki, Dołącz pierwszą etykiete!
Thư viện lưu trữ: Trung tâm Học liệu Trường Đại học Cần Thơ
LEADER 00696nam a2200181Ia 4500
001 CTU_122117
008 210402s9999 xx 000 0 und d
082 |a 624 
082 |b S272 
100 |a de Saxcé, Géry 
245 0 |a Modeling in mechanical and civil engineering: Collection of papers from prof. Nguyen - Dang Hung's former students 
245 0 |c Géry de Saxcé, Nicolas Moes (edition), Châu Đình Thành (realisation) 
260 |a Thành phố Hồ Chí Minh 
260 |b Vietnam National University - Ho Chi Minh City Publishing House 
260 |c 2006 
650 |a civil engineering 
904 |i Thủy 
980 |a Trung tâm Học liệu Trường Đại học Cần Thơ